| 000 | 00358nam a2200133Ia 4500 | ||
|---|---|---|---|
| 008 | 240624s9999 xx 000 0 und d | ||
| 041 | _aeng | ||
| 082 | _a005.133 GOT | ||
| 100 | _aGOTTFRIED BYRON S | ||
| 245 | _aSCHAUM S OUTLINES OF THEORY AND PROBLEMS OF PROG | ||
| 260 |
_c2004 _aNew Delhi _bTata McGrawhill |
||
| 300 | _aix, : 325 : cm. ; 27 | ||
| 365 | _cRS | ||
| 999 |
_c2247 _d2247 |
||